000
00278nam a2200109Ia 4500
008
220204s9999 xx 000 0 und d
082
_a
677
_b
GOE
100
_a
Goel, R K
245
0
_a
Manufacture and use of textile auxiliaries and chemicals
260
_a
Delhi
_b
SBP
942
_c
BK
999
_c
24656
_d
24656